| 000 | 01109nam a22002775i 4500 | ||
|---|---|---|---|
| 999 |
_c15812 _d15812 |
||
| 003 | EG-ScBUE | ||
| 005 | 20200114110358.0 | ||
| 008 | 110811s2000 ua f b 00 0 ara d | ||
| 020 | _a9772322242 | ||
| 040 |
_aEG-ScBUE _bara _erda _cEG-ScBUE _dEG-ScBUE |
||
| 082 | 0 | 4 |
_a892.709 _bع ا م _222 |
| 100 | 1 |
_aعامر، فخر الدين، _eمؤلف. _926663 |
|
| 245 | 1 |
_aمصادر التراث في كتب التراجم الأدبية : _bدراسة ونقد وتحليل / _cالدكتور فخر الدين عامر، دكتوراة الدولة في الدراسات الأدبية. |
|
| 250 | _aالطبعة الأولى. | ||
| 264 | 1 |
_aالقاهرة : _bعالم الكتب، _c2000. |
|
| 300 |
_a296 صفحة ؛ _c24 سم |
||
| 336 |
_2rdacontent _aنص _btxt |
||
| 337 |
_2rdamedia _aبدون وسيط _bn |
||
| 338 |
_2rdacarrier _aمجلد _bnc |
||
| 504 | _aيشتمل على إرجاعات ببليوجرافية. | ||
| 590 | _aريهام | ||
| 650 | 7 |
_aالأدب العربي _xتاريخ ونقد. _2BUEsh _913631 |
|
| 653 |
_cAugust2011 _bGGEN |
||
| 655 | _vReading book | ||
| 942 |
_2ddc _cBB |
||